| 000 | 00590nam a2200181Ia 4500 | ||
|---|---|---|---|
| 999 |
_c22882 _d22882 |
||
| 003 | OSt | ||
| 005 | 20200520124628.0 | ||
| 008 | 190216s9999||||xx |||||||||||||| ||und|| | ||
| 020 | _a9788182715769 | ||
| 040 | _coclc | ||
| 082 |
_a909.097671 _bSOU/I |
||
| 100 |
_aSoulath, Sarvath _91961 |
||
| 245 | 0 |
_aIslamika Samooham Charithra Samgraham Vol 1 / _cSarvath Soulath |
|
| 260 |
_bIslamic Publishing House, _c2012. _aKozhikode: |
||
| 300 | _a334p | ||
| 650 | 0 |
_92271 _aHistory & geography _vIslamic History |
|
| 942 |
_cBK _2ddc _h909.097671 _iSOU/I _k909.097671 _mSOU/I |
||